[Event "HUN-chT2 Erkel 2223"]
[Site "Hungary"]
[Date "2022.12.04"]
[Round "2.6"]
[White "Pammer Zagroczky, Gabor"]
[Black "Ruttkay, Peter"]
[Result "1-0"]
[WhiteElo "2016"]
[BlackElo "2001"]
[PlyCount "65"]
[EventDate "2022.11.20"]
[EventType "team-tourn"]
[EventRounds "9"]
[EventCountry "HUN"]
[SourceTitle "EXT 2025"]
[Source "ChessBase"]
[SourceDate "2024.10.14"]
[SourceVersion "1"]
[SourceVersionDate "2024.10.14"]
[SourceQuality "1"]
[WhiteTeam "EUTender Sinus"]
[BlackTeam "GSBE"]
[WhiteTeamCountry "HUN"]
[BlackTeamCountry "HUN"]

1. e4 g6 2. d4 Bg7 3. Nf3 d6 4. h3 a6 5. a4 c5 6. c3 cxd4 7. Nxd4 Nf6 8. Bd3 Nbd7 9. 0-0 Nc5 10. Re1 Nxd3 11. Qxd3 Nd7 12. Nd2 0-0 13. a5 Nc5 14. Qe2 Ne6 15. Qe3 Nxd4 16. cxd4 b5 17. Nb3 e5 18. Bd2 f5 19. dxe5 f4 20. Qd3 Be6 21. Bb4 Bxe5 22. Nd4 Bc4 23. Qd2 Qf6 24. Rad1 Rfe8 25. Bc3 Rac8 26. f3 Bf7 27. Ne2 Red8 28. Bd4 Rc4 29. Bxe5 Qxe5 30. Nxf4 Qc5+ 31. Qf2 Qg5 32. Nd5 Rc6 33. f4 1-0

[Event "Budapest-chT1 Lilienthal 1213"]
[Site "Budapest"]
[Date "2012.11.11"]
[Round "3"]
[White "Pammer Zagroczky, Gabor"]
[Black "Csillag, Janos"]
[Result "0-1"]
[WhiteElo "1935"]
[BlackElo "1925"]
[PlyCount "34"]
[EventDate "2012.09.30"]
[EventType "team-tourn"]
[EventRounds "11"]
[EventCountry "HUN"]
[SourceTitle "EXT 2019"]
[Source "ChessBase"]
[SourceDate "2018.10.10"]
[SourceVersion "1"]
[SourceVersionDate "2018.10.10"]
[SourceQuality "1"]
[WhiteTeam "Sarkany II"]
[BlackTeam "Taban Spartacus II"]
[WhiteTeamCountry "HUN"]
[BlackTeamCountry "HUN"]

1. e4 c5 2. Nf3 d6 3. Bb5+ Bd7 4. Bxd7+ Qxd7 5. 0-0 Nc6 6. c3 Nf6 7. Re1 e5 8. d4 Be7 9. Bg5 Rd8 10. Qa4 0-0 11. d5 Nd4 12. Qxd7 Nxf3+ 13. gxf3 Rxd7 14. a4 Nxd5 15. Bxe7 Nxe7 16. c4 Nc6 17. Nc3 Nd4 0-1

[Event "HUN-chT2 Erkel 1112"]
[Site "Hungary"]
[Date "2012.04.22"]
[Round "9.10"]
[White "Pammer Zagroczky, Gabor"]
[Black "Aczel, Tibor"]
[Result "0-1"]
[WhiteElo "1928"]
[BlackElo "1844"]
[PlyCount "52"]
[EventDate "2011.09.25"]
[EventType "team-tourn"]
[EventRounds "11"]
[EventCountry "HUN"]
[SourceTitle "EXT 2013"]
[Source "ChessBase"]
[SourceDate "2012.11.22"]
[SourceVersion "1"]
[SourceVersionDate "2012.11.22"]
[SourceQuality "1"]
[WhiteTeam "Sarkany"]
[BlackTeam "Honved II"]
[WhiteTeamCountry "HUN"]
[BlackTeamCountry "HUN"]

1. Nf3 d5 2. g3 Nf6 3. Bg2 e6 4. c4 c6 5. 0-0 Be7 6. d4 Nbd7 7. Nc3 0-0 8. cxd5 cxd5 9. Re1 a6 10. a4 Nb8 11. Ne5 Nc6 12. e4 dxe4 13. Nxc6 bxc6 14. Nxe4 Nd5 15. Nc5 Qb6 16. a5 Qa7 17. Na4 Bb4 18. Re4 Bxa5 19. Nc5 Bb6 20. Rh4 Bd8 21. Rh5 g6 22. Rh6 Bf6 23. Bf1 Bg7 24. Rh4 Ne7 25. g4 Rd8 26. Ra4 Qxc5 0-1

[Event "Budapest op 1st"]
[Site "Budapest"]
[Date "2011.08.28"]
[Round "9"]
[White "Krstulovic, Alex"]
[Black "Pammer Zagroczky, Gabor"]
[Result "0-1"]
[WhiteElo "1597"]
[BlackElo "1937"]
[PlyCount "54"]
[EventDate "2011.08.20"]
[EventType "swiss"]
[EventRounds "9"]
[EventCountry "HUN"]
[SourceTitle "EXT 2022"]
[Source "ChessBase"]
[SourceDate "2021.10.06"]
[SourceVersion "1"]
[SourceVersionDate "2021.10.06"]
[SourceQuality "1"]

1. d4 Nf6 2. c4 e5 3. dxe5 Ng4 4. Bf4 g5 5. Bg3 Nc6 6. Nf3 Bg7 7. Nc3 Ngxe5 8. Nxe5 Nxe5 9. e3 d6 10. Be2 c6 11. 0-0 Be6 12. Ne4 d5 13. cxd5 Bxd5 14. Nc3 Be6 15. Qc2 0-0 16. Rfd1 Qe7 17. Rd2 f5 18. h3 f4 19. exf4 gxf4 20. Bh2 f3 21. Bxe5 Bxe5 22. Bxf3 Rxf3 23. gxf3 Bxh3 24. Kh1 Qh4 25. Qe4 Bf4 26. Rg1+ Bg4+ 27. Kg2 Qh3# 0-1

[Event "Budapest op 1st"]
[Site "Budapest"]
[Date "2011.08.27"]
[Round "8"]
[White "Farkas, Akos"]
[Black "Pammer Zagroczky, Gabor"]
[Result "1/2-1/2"]
[WhiteElo "1683"]
[BlackElo "1937"]
[PlyCount "122"]
[EventDate "2011.08.20"]
[EventType "swiss"]
[EventRounds "9"]
[EventCountry "HUN"]
[SourceTitle "EXT 2022"]
[Source "ChessBase"]
[SourceDate "2021.10.06"]
[SourceVersion "1"]
[SourceVersionDate "2021.10.06"]
[SourceQuality "1"]

1. e4 c5 2. Nf3 e6 3. d4 cxd4 4. Nxd4 Nc6 5. c4 Nf6 6. Nxc6 bxc6 7. Bd3 Bb4+ 8. Bd2 Bxd2+ 9. Nxd2 Qa5 10. 0-0 0-0 11. Re1 e5 12. Nb3 Qa4 13. c5 Rb8 14. Qf3 Ba6 15. Bxa6 Qxa6 16. Qc3 Rfe8 17. Nd2 Qb5 18. Rab1 Qb4 19. Re3 Rb5 20. Qxb4 Rxb4 21. b3 Reb8 22. Rc1 Ne8 23. Nc4 f6 24. Rd3 R8b7 25. Rcd1 Nc7 26. Rxd7 Ne6 27. Rxb7 Rxb7 28. Nd6 Rb4 29. Rc1 Rd4 30. Nf5 Rxe4 31. Ne7+ Kf8 32. Nxc6 Nxc5 33. f3 Nd3 34. Rd1 Re1+ 35. Rxe1 Nxe1 36. Nxa7 Nd3 37. Nc6 Ke8 38. a3 Kd7 39. Na5 Kd6 40. Kf1 Kd5 41. g3 Nc5 42. Ke2 g5 43. b4 Ne6 44. Nb3 f5 45. Kd3 h5 46. h3 h4 47. gxh4 gxh4 48. b5 Nf4+ 49. Ke3 Kc4 50. Nd2+ Kxb5 51. a4+ Kc5 52. a5 Nxh3 53. a6 Nf4 54. a7 Nd5+ 55. Kf2 Nc7 56. Ke3 Kd5 57. Nf1 Kc6 58. Kf2 Kb7 59. Kg2 Nb5 60. Kh3 Nd4 61. Nd2 Nxf3 1/2-1/2

[Event "Budapest op 1st"]
[Site "Budapest"]
[Date "2011.08.20"]
[Round "1"]
[White "Pammer Zagroczky, Gabor"]
[Black "Matos, Balint"]
[Result "0-1"]
[WhiteElo "1937"]
[BlackElo "1628"]
[PlyCount "62"]
[EventDate "2011.08.20"]
[EventType "swiss"]
[EventRounds "9"]
[EventCountry "HUN"]
[SourceTitle "EXT 2022"]
[Source "ChessBase"]
[SourceDate "2021.10.06"]
[SourceVersion "1"]
[SourceVersionDate "2021.10.06"]
[SourceQuality "1"]

1. e4 c5 2. Nf3 Nc6 3. Bb5 g6 4. d4 Bg7 5. c3 cxd4 6. cxd4 Nf6 7. Nc3 a6 8. Bd3 d6 9. h3 Bd7 10. 0-0 0-0 11. Be3 e5 12. d5 Ne7 13. a4 b6 14. Qe2 a5 15. Bb5 Bxb5 16. Qxb5 Rb8 17. Nd2 Nd7 18. Nc4 Nc5 19. Rfb1 f5 20. f3 Qc7 21. Bxc5 Qxc5+ 22. Qxc5 dxc5 23. d6 Nc6 24. Nd5 Nb4 25. Ndxb6 Rfd8 26. Rd1 Nc2 27. Rac1 Nd4 28. Nd5 Ne2+ 29. Kf2 Nxc1 30. Rxc1 Bf8 31. Nxe5 Rxb2+ 0-1